Практикум по альтернативным энергетическим ресурсам
Учебно-методическое пособие по дисциплине «Альтернативные энергетические ресурсы» адресовано для бакалавров, обучающихся по направлению 350306 - «Агроинженерия» и составлено в соответствии с учебной программой дисциплины. В практикуме приведены: общие сведения о биотопливах; методики исследования их...
Uloženo v:
| Hlavní autor: | |
|---|---|
| Médium: | Книга |
| Jazyk: | Russian |
| Vydáno: |
Орел
ОрелГАУ
2016
|
| On-line přístup: | https://e.lanbook.com/book/106914 https://e.lanbook.com/img/cover/book/106914.jpg |
| Tagy: |
Přidat tag
Žádné tagy, Buďte první, kdo otaguje tento záznam!
|
| LEADER | 01811nam0a2200241 i 4500 | ||
|---|---|---|---|
| 001 | 106914 | ||
| 003 | RuSpLAN | ||
| 005 | 20221220174013.0 | ||
| 008 | 221220s2016 ru gs 000 0 rus | ||
| 040 | |a RuSpLAN | ||
| 041 | 0 | |a rus | |
| 044 | |a ru | ||
| 080 | |a 62 | ||
| 245 | 0 | 0 | |a Практикум по альтернативным энергетическим ресурсам |c Рыжов Ю. Н. |
| 260 | |a Орел |b ОрелГАУ |c 2016 | ||
| 300 | |a 119 с. | ||
| 504 | |a Библиогр.: доступна в карточке книги, на сайте ЭБС Лань | ||
| 520 | 8 | |a Учебно-методическое пособие по дисциплине «Альтернативные энергетические ресурсы» адресовано для бакалавров, обучающихся по направлению 350306 - «Агроинженерия» и составлено в соответствии с учебной программой дисциплины. В практикуме приведены: общие сведения о биотопливах; методики исследования их качества; условия работы; воздействие различных эксплуатационных факторов на изменение их свойств; предъявляемые требования; информация из ГОСТов и их соответствие зарубежным стандартам. | |
| 521 | 8 | |a Книга из коллекции ОрелГАУ - Ветеринария и сельское хозяйство | |
| 100 | 1 | |a Рыжов Ю. Н. | |
| 856 | 4 | |u https://e.lanbook.com/book/106914 | |
| 856 | 4 | 8 | |u https://e.lanbook.com/img/cover/book/106914.jpg |
| 953 | |a https://e.lanbook.com/img/cover/book/106914.jpg | ||